[Event "Stockholm-A"]
[Site "Stockholm"]
[Date "1995.??.??"]
[Round "7"]
[White "Bator, Robert"]
[Black "Wedberg, Tom Birger"]
[Result "0-1"]
[WhiteElo "2425"]
[BlackElo "2455"]
[Annotator "Wedberg,T"]
[PlyCount "112"]
[EventDate "1995.08.??"]
[EventType "tourn"]
[EventRounds "11"]
[EventCountry "SWE"]
[EventCategory "8"]
[SourceTitle "CBM 049 Extra"]
[Source "ChessBase"]
[SourceDate "1996.01.01"]
[SourceVersion "1"]
[SourceVersionDate "1996.01.01"]
[SourceQuality "1"]

1. d4 Nf6 2. Nf3 e6 3. g3 c5 4. Bg2 Nc6 5. O-O cxd4 6. Nxd4 Qb6 7. Nxc6 (7. Nb3
d5 (7... a6 8. c4 d6 9. Bf4 Qd8 10. Qd2 Ne5 11. c5 Nc4 12. Qc1 d5 13. e4 Na5
14. exd5 Nxb3 15. axb3 Nxd5 16. Rd1 Bd7 17. Nc3 $16 {Romanishin,O-Anastasian,A/
Erevan/1989}) 8. a4 (8. Be3 Qc7 9. Nc3 Be7 10. Nb5 Qd8 11. c4 O-O 12. Rc1 a6
13. N5d4 Bd7 14. cxd5 Nxd5 15. Nxc6 Bxc6 $10 {Veingold,A-Kindermann,S/Moscow
olm/1994}) (8. N1d2 Be7 (8... a5 $5 9. a4 e5 10. c4 d4 11. c5 Qa7 12. f4 $6 Be6
13. f5 Bd5 $13 {Lugovoi,A-Solozhenkin,E/St.Petersburg/1992}) 9. c4 O-O 10. cxd5
Nxd5 11. e4 Ndb4 12. a3 Nd3 (12... Na6 $5 13. Nc4 Qb5 14. Ne3 Rd8 15. Qc2 Rd3
$1 16. Nd2 Nd4 $17 {Paunovic,D-Brkljaca,A/Belgrade GMA-op/1988}) 13. Nc4 Qd8 $8
14. Qe2 e5 $1 $10 {Huebner,R-Emms,J/EU-Cup Eupen/1994}) (8. c4 dxc4 9. N3d2 Qa6
$5 10. Nc3 Bb4 11. a4 Bxc3 12. bxc3 O-O 13. Qc2 Bd7 $15 {Wirthensohn,H-Lobron,
E/Hamburg/1991}) (8. Nc3 Be7 9. e4 dxe4 10. Nxe4 Nxe4 11. Bxe4 O-O 12. Be3 Qc7
13. f4 b6 14. Qh5 g6 15. Qf3 Bb7 16. Qg2 Bf6 $10 {Stangl,M-Landenbergue,C/
Garmisch-Partenkirchen 25/1994}) 8... Be7 9. a5 (9. Nc3 O-O 10. a5 Qd8 11. e4
d4 12. Ne2 e5 13. Bd2 Ne8 14. c3 d3 15. Nec1 Be6 16. Be3 Bc4 $132 {King,
D-Schmittdiel,E/Dortmund-A/1989}) 9... Qd8 10. Nc3 Bb4 11. Bd2 O-O 12. Nb5 Be7
13. Be3 Ng4 14. Bd2 Nf6 15. e3 e5 $15 {Olafsson,H-Petursson,M/Akureyri/1994})
7... bxc6 (7... dxc6 8. b3 e5 9. Bb2 Qc7 10. Nd2 Be6 11. e4 Rd8 12. Qe2 Bc5 13.
h3 O-O $10 {Vescovi,G-Emms,J/Copenhagen op/1995}) 8. c4 d5 (8... Be7 9. e4 d6
10. b3 Qc7 11. Ba3 Rb8 12. Nc3 a6 13. Qe2 c5 14. Rad1 O-O $10 {Christensen,
T-Emms,J/Hillerod Politiken/1995}) 9. Qc2 (9. Nc3 Bb7 10. Na4 Qa6 11. cxd5 cxd5
12. Be3 Rc8 13. b3 Bc6 14. Nc5 Qa5 15. Qd4 Bxc5 16. Qxc5 Qxc5 17. Bxc5 Rc7 18.
Rac1 Kd7 $10 {Henriksson,Jo-Wedberg,T/Stockholm/1995}) 9... Be7 10. Be3 Qa6 11.
cxd5 cxd5 12. Bc5 Qc6 13. Rc1 Ba6 14. Bxe7 (14. Bd4) 14... Qxc2 15. Rxc2 Kxe7
16. Nc3 Rac8 17. Rd1 Rhd8 18. Rcd2 Bc4 19. h3 (19. e4 $2 dxe4 20. Rxd8 Rxd8 21.
Rxd8 Kxd8 22. Nxe4 Nxe4 23. Bxe4 Bxa2 $17) 19... h6 20. e3 Rb8 21. Re1 Ne8 22.
b3 Ba6 23. e4 Rbc8 24. Na4 dxe4 25. Rxd8 Kxd8 26. Bxe4 Nd6 27. Rd1 (27. Bb1 Ke7
$15) 27... Ke7 28. Bd3 Bxd3 29. Rxd3 Ne4 30. Re3 f5 31. Re2 g5 32. Kg2 Rc1 33.
f3 Nf6 34. b4 Nd5 35. Nc5 f4 36. Rxe6+ Kf7 37. Re2 Ne3+ 38. Kh2 Nf1+ 39. Kg2
Ne3+ 40. Kh2 Nf1+ 41. Kg2 Nxg3 42. Rd2 Nf5 43. Kf2 Kg6 44. a4 Kh5 45. a5 Kh4
46. Nd3 Ra1 47. Nb2 Kxh3 48. Rd1 Rxd1 (48... Ra2 $4 49. Rh1#) 49. Nxd1 Nd4 50.
Ne3 h5 51. b5 g4 52. fxg4 hxg4 53. Nd5 g3+ 54. Ke1 f3 55. Nf4+ Kh2 56. b6 axb6
0-1

[Event "Alushta Autumn 1st"]
[Site "Alushta"]
[Date "2002.09.17"]
[Round "4"]
[White "Potapov, Alexander"]
[Black "Arbakov, Valentin"]
[Result "1-0"]
[WhiteElo "2515"]
[BlackElo "2445"]
[Annotator "Wells,P"]
[PlyCount "65"]
[EventDate "2002.09.15"]
[EventType "tourn"]
[EventRounds "15"]
[EventCountry "UKR"]
[EventCategory "9"]
[SourceTitle "CBM 092"]
[Source "ChessBase"]
[SourceDate "2003.02.06"]
[SourceVersion "1"]
[SourceVersionDate "2003.02.06"]
[SourceQuality "1"]

1. d4 Nf6 2. c4 e6 3. Nc3 Bb4 4. g3 d5 5. Bg2 c6 6. Nf3 Nbd7 7. Qb3 Be7 8. O-O
O-O 9. Rd1 Nb6 10. c5 Nbd7 11. Qc2 b6 12. cxb6 axb6 13. e4 Ba6 14. Bf4 Nh5 15.
Bd2 Nhf6 16. Rac1 Qb8 17. e5 Ne8 18. Bg5 Qd8 19. h4 h6 20. Be3 Nc7 21. Qd2 Kh7
22. Bh3 c5 23. Kg2 Rh8 24. Qc2+ Kg8 25. h5 Nb5 $2 {[%csl Re6,Rf7,Rg6][%cal
Yc2g6,Yh5g6,Yh3e6] White has made a number of apparently innocuous moves which
have contributed to his cause on the light squares. The advance of the h-pawn
for example is a familiar way to strengthen the hold on the g6 square. However,
black can be forgiven for overlooking the degree to which the text abandons
the key central white squares, especially e6. There is something genuinely
surprising in white follows.} 26. Nxd5 $3 {[%mdl 512]} exd5 27. e6 {[%csl Rd5,
Re6,Rf7,Rg6] Suddenly a mass of hitherto disguised weaknesses become the
centre of attention.} Nf8 28. exf7+ Kxf7 29. dxc5 bxc5 30. Bxc5 {Indeed
black's centre collapses on the dark squares too!} Bf6 (30... Bb7 31. Qb3 $1)
31. Qb3 Qe8 32. Rxd5 Ne6 33. Bxe6+ 1-0